00110nam a22000617a 4500003000400000245003000004260001400034SGT aJournal of Periodontology c2012-2020